Landen met de meeste inwoners in 1900 - Statistieken

Algemene statistieken
  • Deze quiz is 2.712 keer genomen
  • De gemiddelde score is 15 van 22
Antwoordstatistieken
Inwoners Land of Rijk % Correct
415 m China
98%
89.6 m Verenigde Staten
96%
137 m Rusland
95%
67.1 m Duitsland
92%
78.9 m Franse Rijk
92%
18.7 m Spanje
90%
51.3 m Nederlandse Rijk
89%
17.0 m Brazilië
85%
32.0 m Italië
84%
384 m Britse Rijk
83%
42.0 m Japan
80%
12.5 m Portugese Rijk
78%
12.1 m Mexico
76%
5.8 m Argentinië
71%
6.1 m België
69%
30.9 m Ottomaanse Rijk
45%
7.0 m Perzië
43%
12.0 m Korea
37%
51.4 m Oostenrijk-Hongarije
37%
8.1 m Marokko
31%
6.6 m Roemenië
28%
7.2 m Siam
27%
Geen overeenkomende quizzen gevonden
Scoreverdeling
Procent van Mensen met Elke Score
Percentiel versus Aantal Correcte Antwoorden
Uw Scoregeschiedenis
U heeft deze quiz nog niet genomen